[Event "COL-ch U1700"]
[Site "Pereira"]
[Date "2022.02.17"]
[Round "3"]
[White "Zambrano Vargas, Jesus Andres"]
[Black "Pelaez, Hernan"]
[Result "1-0"]
[WhiteElo "1643"]
[BlackElo "1554"]
[PlyCount "21"]
[EventDate "2022.02.16"]
[EventType "swiss"]
[EventRounds "9"]
[EventCountry "COL"]
[SourceTitle "CBM 207 Extra"]
[Source "ChessBase"]
[SourceDate "2022.05.31"]
[SourceVersion "1"]
[SourceVersionDate "2022.05.31"]
[SourceQuality "1"]

1. e4 g6 2. d4 Bg7 3. Nc3 d6 4. Be3 Nf6 5. f3 c6 6. Qd2 Nbd7 7. Bh6 0-0 8. 0-0-0 e5 9. Bxg7 Kxg7 10. Nh3 h6 11. g4 1-0

[Event "IBCA Pan American-ch 9th"]
[Site "Pereira"]
[Date "2021.12.01"]
[Round "6"]
[White "Pelaez, Hernan"]
[Black "Pena Romero, Edwin Oswaldo"]
[Result "1-0"]
[WhiteElo "1655"]
[BlackElo "1744"]
[PlyCount "41"]
[EventDate "2021.11.29"]
[EventType "swiss"]
[EventRounds "7"]
[EventCountry "COL"]
[SourceTitle "EXT 2023"]
[Source "ChessBase"]
[SourceDate "2022.10.05"]
[SourceVersion "1"]
[SourceVersionDate "2022.10.05"]
[SourceQuality "1"]

1. Nf3 Nf6 2. c4 b6 3. Nc3 e6 4. d4 Bb7 5. Bg5 Bb4 6. Qb3 c5 7. 0-0-0 Bxc3 8. Qxc3 Ne4 9. Qe3 Nxg5 10. Nxg5 0-0 11. h4 Qc7 12. d5 exd5 13. cxd5 d6 14. Qd3 g6 15. h5 Nd7 16. hxg6 hxg6 17. Qh3 Kg7 18. Qh7+ Kf6 19. Qh4 Rh8 20. Nh7+ Kg7 21. Qh6+ 1-0

[Event "COL Subzt 2.3.4"]
[Site "Risarald"]
[Date "2021.11.26"]
[Round "6"]
[White "Suaza Builes, Oscar A"]
[Black "Pelaez, Hernan"]
[Result "1-0"]
[WhiteElo "1370"]
[BlackElo "1655"]
[PlyCount "94"]
[EventDate "2021.11.23"]
[EventType "swiss"]
[EventRounds "9"]
[EventCountry "COL"]
[SourceTitle "CBM 205 Extra"]
[Source "ChessBase"]
[SourceDate "2022.01.31"]
[SourceVersion "1"]
[SourceVersionDate "2022.01.31"]
[SourceQuality "1"]

1. d4 Nf6 2. Bf4 g6 3. Nc3 Bg7 4. Qd2 h6 5. e4 d6 6. Bc4 c6 7. Nge2 b5 8. Bd3 g5 9. Bg3 Nh5 10. a3 Nxg3 11. hxg3 Qb6 12. d5 a6 13. dxc6 Qxc6 14. Rb1 Be6 15. Qe3 Qc5 16. Qd2 Nc6 17. 0-0 Rc8 18. Nd1 Ne5 19. c3 Nxd3 20. Qxd3 Bc4 21. Qd2 0-0 22. Ne3 Be6 23. Kh2 f5 24. exf5 Bxf5 25. Rbd1 Bd7 26. Nd5 Rce8 27. Ne3 Rf6 28. Qd5+ Be6 29. Qd2 Ref8 30. Nd4 Bc8 31. Nf3 Bb7 32. Nd5 R6f7 33. Rfe1 e5 34. Re4 Rxf3 35. gxf3 Rxf3 36. Re2 e4 37. Ne3 Bf8 38. Qd4 Qc8 39. Nd5 Qf5 40. Rdd2 Rd3 41. Rxd3 exd3 42. Ne7+ Bxe7 43. Rxe7 Qg6 44. Rxb7 g4 45. Qd5+ Kf8 46. Rd7 Ke8 47. Rxd6 Kf8 1-0

[Event "Ibague op"]
[Site "Ibague"]
[Date "2021.10.22"]
[Round "5"]
[White "Sanchez Aragon, Michael Alejandro"]
[Black "Pelaez, Hernan"]
[Result "1-0"]
[WhiteElo "1288"]
[BlackElo "1666"]
[PlyCount "171"]
[EventDate "2021.10.20"]
[EventType "swiss"]
[EventRounds "9"]
[EventCountry "COL"]
[SourceTitle "CBM 204 Extra"]
[Source "ChessBase"]
[SourceDate "2021.11.30"]
[SourceVersion "1"]
[SourceVersionDate "2021.11.30"]
[SourceQuality "1"]

1. e4 g6 2. d4 Bg7 3. Nc3 d6 4. Be2 Nf6 5. f4 c6 6. e5 dxe5 7. fxe5 Nd5 8. Nxd5 cxd5 9. Nf3 Bg4 10. 0-0 Bxf3 11. Bxf3 0-0 12. c4 e6 13. cxd5 exd5 14. Qb3 Nc6 15. Be3 Na5 16. Qxd5 Qb6 17. b3 Rad8 18. Qe4 f5 19. Qd3 Bxe5 20. dxe5 Rxd3 21. Bxb6 axb6 22. Rad1 Rfd8 23. Rxd3 Rxd3 24. Rc1 Rd2 25. b4 Nc6 26. Bxc6 bxc6 27. Rxc6 Rxa2 28. Rxb6 Rb2 29. Rb8+ Kf7 30. b5 Ke6 31. b6 Kxe5 32. b7 Kf4 33. Kf1 h5 34. Rg8 Rxb7 35. Rxg6 h4 36. Re6 Rb1+ 37. Re1 Rb3 38. Kf2 Kg4 39. Re3 Rb2+ 40. Re2 Rb4 41. h3+ Kf4 42. Ra2 Rc4 43. Rb2 Re4 44. Re2 Ra4 45. Rb2 Ra1 46. Rc2 Ra3 47. Rb2 Kg5 48. Rc2 Rg3 49. Rc5 Kf6 50. Rc6+ Kg5 51. Rc5 Kf4 52. Rc4+ Kg5 53. Rc5 Ra3 54. Rc2 Ra4 55. Rc3 Rf4+ 56. Rf3 Re4 57. Ra3 Rf4+ 58. Rf3 Ra4 59. Rb3 Ra2+ 60. Kf3 Ra1 61. Rb8 Rf1+ 62. Ke2 Rf4 63. Rb3 Kf6 64. Ke3 Kg5 65. Rb8 Ra4 66. Rb3 Ra2 67. Kf3 Rc2 68. Ra3 Rc1 69. Rb3 Rf1+ 70. Ke2 Ra1 71. Kf3 Ra2 72. Rc3 Ra5 73. Rb3 Kf6 74. Rb4 Ra3+ 75. Kf4 Rg3 76. Rb6+ Kg7 77. Kxf5 Rxg2 78. Rb4 Ra2 79. Rxh4 Ra5+ 80. Ke6 Ra6+ 81. Kd5 Kg6 82. Rb4 Ra3 83. h4 Kh5 84. Ke5 Rh3 85. Kf5 Rxh4 86. Rb8 1-0

[Event "Ibague op"]
[Site "Ibague"]
[Date "2021.10.20"]
[Round "2"]
[White "Pelaez, Hernan"]
[Black "Rincon Rozo, Juan Pablo"]
[Result "1-0"]
[WhiteElo "1666"]
[BlackElo "1066"]
[PlyCount "20"]
[EventDate "2021.10.20"]
[EventType "swiss"]
[EventRounds "9"]
[EventCountry "COL"]
[SourceTitle "CBM 204 Extra"]
[Source "ChessBase"]
[SourceDate "2021.11.30"]
[SourceVersion "1"]
[SourceVersionDate "2021.11.30"]
[SourceQuality "1"]

1. Nf3 Nf6 2. c4 c5 3. Nc3 Nc6 4. d4 cxd4 5. Nxd4 e5 6. Nxc6 bxc6 7. Bg5 h6 8. Bh4 Be7 9. e4 0-0 10. Be2 d6 1-0

[Event "COL-ch sf"]
[Site "Santa Rosa"]
[Date "2021.08.16"]
[Round "11"]
[White "Pelaez, Hernan"]
[Black "Triana Castro, Francisco Javier"]
[Result "1-0"]
[WhiteElo "1668"]
[BlackElo "1700"]
[PlyCount "82"]
[EventDate "2021.08.11"]
[EventType "swiss"]
[EventRounds "11"]
[EventCountry "COL"]
[SourceTitle "CBM 204 Extra"]
[Source "ChessBase"]
[SourceDate "2021.11.30"]
[SourceVersion "1"]
[SourceVersionDate "2021.11.30"]
[SourceQuality "1"]

1. Nf3 d5 2. e3 Bg4 3. Be2 Bxf3 4. Bxf3 e6 5. d4 Nf6 6. 0-0 Bd6 7. g3 Nbd7 8. Nd2 c6 9. e4 dxe4 10. Nxe4 Nxe4 11. Bxe4 Nf6 12. Bg2 0-0 13. c4 Qd7 14. Bg5 Be7 15. Qd2 Rfd8 16. Rad1 a5 17. a3 Ra7 18. Rfe1 b5 19. cxb5 cxb5 20. Bxf6 Bxf6 21. d5 exd5 22. Bxd5 g6 23. Qf4 Kg7 24. Bf3 Qc8 25. Rc1 Qb8 26. Qxb8 Rxb8 27. Rc2 b4 28. a4 Rd8 29. b3 Bc3 30. Rd1 Rxd1+ 31. Bxd1 Re7 32. Bf3 f5 33. Kg2 Re5 34. h4 Kf6 35. Re2 Rc5 36. Re8 Be5 37. Ra8 Bc7 38. Be2 Rc2 39. Ra6+ Ke7 40. Bc4 Rd2 41. Bg8 Rb2 1-0

[Event "COL-ch sf"]
[Site "Santa Rosa"]
[Date "2021.08.14"]
[Round "7"]
[White "Buitrago, Juan Carlos"]
[Black "Pelaez, Hernan"]
[Result "1-0"]
[WhiteElo "2003"]
[BlackElo "1668"]
[PlyCount "127"]
[EventDate "2021.08.11"]
[EventType "swiss"]
[EventRounds "11"]
[EventCountry "COL"]
[SourceTitle "CBM 204 Extra"]
[Source "ChessBase"]
[SourceDate "2021.11.30"]
[SourceVersion "1"]
[SourceVersionDate "2021.11.30"]
[SourceQuality "1"]

1. d4 g6 2. c4 Bg7 3. e4 d6 4. Nc3 Nf6 5. Nf3 0-0 6. Be2 c5 7. dxc5 Qa5 8. 0-0 dxc5 9. h3 Rd8 10. Qc2 Nc6 11. Nd5 e6 12. Bd2 Nb4 13. Nxb4 cxb4 14. a3 Rxd2 15. Qxd2 Nxe4 16. Qxb4 Qxb4 17. axb4 Bxb2 18. Rab1 Bf6 19. Bd3 Nc3 20. Rb3 Bd7 21. Nd2 Ba4 22. Ra3 Rd8 23. Ne4 Rxd3 24. Nxc3 Bc6 25. b5 Be8 26. Nb1 Rd4 27. Rxa7 Rxc4 28. Rxb7 Kg7 29. Nd2 Rc2 30. Ne4 Be5 31. f4 Bd4+ 32. Kh1 Rc8 33. Nd6 Rd8 34. Nxe8+ Rxe8 35. Rd1 e5 36. g3 h5 37. h4 Kf6 38. Kg2 Rf8 39. Rd7 Ke6 40. R7xd4 exd4 41. Rxd4 Rb8 42. Rb4 Kd5 43. Kf3 f5 44. Rb1 Rb6 45. Ke3 Re6+ 46. Kd3 Kc5 47. b6 Rd6+ 48. Kc3 Rd8 49. b7 Rb8 50. Rb2 Kd5 51. Kd3 Kc5 52. Rb3 Rd8+ 53. Kc3 Rb8 54. Kb2 Kd4 55. Ka3 Kc5 56. Kb2 Kd4 57. Rb4+ Ke3 58. Ka3 Kf3 59. Rb3+ Ke4 60. Ka4 Kd5 61. Ka5 Kc6 62. Ka6 Kc7 63. Rc3+ Kd7 64. Ka7 1-0

[Event "COL-ch sf"]
[Site "Santa Rosa"]
[Date "2021.08.13"]
[Round "5"]
[White "Majul Zappa, Andres Felipe"]
[Black "Pelaez, Hernan"]
[Result "0-1"]
[WhiteElo "1600"]
[BlackElo "1668"]
[PlyCount "134"]
[EventDate "2021.08.11"]
[EventType "swiss"]
[EventRounds "11"]
[EventCountry "COL"]
[SourceTitle "CBM 204 Extra"]
[Source "ChessBase"]
[SourceDate "2021.11.30"]
[SourceVersion "1"]
[SourceVersionDate "2021.11.30"]
[SourceQuality "1"]

1. e4 g6 2. d4 Bg7 3. Be3 Nf6 4. Nc3 d6 5. Qd2 Ng4 6. Bf4 Nc6 7. f3 e5 8. Bg5 Nf6 9. d5 Ne7 10. Bh6 0-0 11. Bc4 Nh5 12. Bxg7 Kxg7 13. Nge2 a6 14. g4 Nf6 15. h4 h5 16. gxh5 Nxh5 17. 0-0-0 b5 18. Bb3 b4 19. Na4 a5 20. Rdg1 Ng8 21. Ng3 Nxg3 22. Rxg3 Nf6 23. Qg5 Nh7 24. Qe3 Rh8 25. f4 exf4 26. Qxf4 Qf6 27. Qe3 Bd7 28. h5 Nf8 29. Rf3 Qe7 30. h6+ Kg8 31. Rhf1 Rh7 32. Nc5 Re8 33. Nxd7 Nxd7 34. Ba4 Rf8 35. Bxd7 Qxd7 36. e5 dxe5 37. Qxe5 Re8 38. Qg5 Qe7 39. Qxe7 Rxe7 40. Rh1 Re5 41. Rd3 Kf8 42. Kd2 Ke7 43. c4 Kd6 44. b3 g5 45. Re3 f5 46. Rh5 g4 47. Rxe5 Kxe5 48. Ke3 Rh8 49. h7 Kf6 50. Kf4 Kg6 51. Rxf5 Rxh7 52. Rg5+ Kf6 53. Rxg4 Rh2 54. Ke4 Rxa2 55. Kd4 Ra3 56. Rf4+ Ke7 57. Kc5 Rxb3 58. Kb5 Ra3 59. Rf1 b3 60. Rb1 a4 61. Kb4 Ra2 62. Kc3 Kd6 63. Re1 b2 64. Re6+ Kd7 65. Re1 a3 66. Kc2 Ra1 67. Rb1 Kd6 0-1

[Event "COL-ch sf"]
[Site "Santa Rosa"]
[Date "2021.08.12"]
[Round "3"]
[White "Sanchez Aragon, Michael Alejandro"]
[Black "Pelaez, Hernan"]
[Result "0-1"]
[WhiteElo "1149"]
[BlackElo "1668"]
[PlyCount "94"]
[EventDate "2021.08.11"]
[EventType "swiss"]
[EventRounds "11"]
[EventCountry "COL"]
[SourceTitle "CBM 204 Extra"]
[Source "ChessBase"]
[SourceDate "2021.11.30"]
[SourceVersion "1"]
[SourceVersionDate "2021.11.30"]
[SourceQuality "1"]

1. e4 g6 2. d4 Bg7 3. Nc3 d6 4. f4 c5 5. Nge2 Nf6 6. dxc5 Qa5 7. cxd6 exd6 8. Bd2 Nc6 9. Nd5 Qd8 10. Bc3 0-0 11. Qd3 Re8 12. Nxf6+ Bxf6 13. 0-0-0 Bxc3 14. Nxc3 Bg4 15. Be2 Nb4 16. Qc4 Bxe2 17. Qxe2 Rc8 18. a3 Na6 19. e5 Rxc3 20. bxc3 Qa5 21. Kb2 dxe5 22. Rhe1 Nc5 23. Ra1 Na4+ 24. Kc1 Qxc3 25. Ra2 Qc5 26. Qe3 Qc4 27. Rb2 Nxb2 28. Kxb2 Rc8 29. Qe4 Qc3+ 30. Kb1 exf4 31. Re2 b5 32. Qd3 Qxd3 33. cxd3 Rc3 34. Rd2 Rxa3 35. d4 Kf8 36. Kb2 Re3 37. d5 Ke7 38. Rc2 Kd7 39. Rf2 g5 40. Rd2 Kd6 41. Kc1 Re5 42. h3 Rxd5 43. Re2 h5 44. Re8 g4 45. hxg4 hxg4 46. Rg8 f5 47. Rg7 a5 0-1

[Event "COL-ch U2000"]
[Site "Pereira"]
[Date "2019.03.25"]
[Round "8"]
[White "Martinez, Mauricio"]
[Black "Pelaez, Hernan"]
[Result "1-0"]
[WhiteElo "1967"]
[BlackElo "1682"]
[PlyCount "65"]
[EventDate "2019.03.21"]
[EventType "swiss"]
[EventRounds "9"]
[EventCountry "COL"]
[SourceTitle "CBM 189 Extra"]
[Source "ChessBase"]
[SourceDate "2019.06.03"]
[SourceVersion "1"]
[SourceVersionDate "2019.06.03"]
[SourceQuality "1"]

1. e4 g6 2. d4 Bg7 3. f3 c5 4. c3 cxd4 5. cxd4 Nc6 6. d5 Nd4 7. Ne2 Qb6 8. Nbc3 d6 9. Na4 Qb4+ 10. Bd2 Qc4 11. Bc3 Bd7 12. b3 Bxa4 13. bxc4 Bxd1 14. Kxd1 e5 15. Nxd4 exd4 16. Bb2 Rc8 17. Ke1 Rc5 18. Kd2 Ne7 19. Kd3 b5 20. cxb5 f5 21. Bxd4 Bxd4 22. Kxd4 fxe4 23. fxe4 Rc2 24. Rg1 Rf8 25. Bd3 Rb2 26. a4 Rff2 27. a5 Nc8 28. Rab1 Kd7 29. Rxb2 Rxb2 30. Rb1 Ra2 31. b6 Ra4+ 32. Ke3 axb6 33. Bb5+ 1-0

[Event "COL-ch U2000"]
[Site "Pereira"]
[Date "2019.03.24"]
[Round "6"]
[White "Montoya, Duvan"]
[Black "Pelaez, Hernan"]
[Result "0-1"]
[WhiteElo "1889"]
[BlackElo "1682"]
[PlyCount "62"]
[EventDate "2019.03.21"]
[EventType "swiss"]
[EventRounds "9"]
[EventCountry "COL"]
[SourceTitle "CBM 189 Extra"]
[Source "ChessBase"]
[SourceDate "2019.06.03"]
[SourceVersion "1"]
[SourceVersionDate "2019.06.03"]
[SourceQuality "1"]

1. e4 g6 2. d4 Bg7 3. Nc3 c6 4. f4 Nf6 5. e5 Nd5 6. Nxd5 cxd5 7. Nf3 d6 8. Be2 Nc6 9. 0-0 0-0 10. c3 a6 11. Kh1 b5 12. Bd2 Bf5 13. Be1 Na5 14. Bd3 Be4 15. Ng5 Nc4 16. Bxc4 bxc4 17. Nxe4 dxe4 18. Qe2 d5 19. f5 Qb6 20. Bh4 f6 21. fxg6 hxg6 22. b3 cxb3 23. Rab1 Qe6 24. exf6 exf6 25. Rxb3 Rfb8 26. Rfb1 Rxb3 27. Rxb3 g5 28. Bg3 f5 29. Bc7 Qc6 30. Ba5 Qa4 31. Bc7 Qc6 0-1

[Event "COL-ch"]
[Site "Bogota"]
[Date "2018.11.12"]
[Round "9"]
[White "Cardona, Juan Camilo"]
[Black "Pelaez, Hernan"]
[Result "1-0"]
[WhiteElo "1961"]
[BlackElo "1717"]
[PlyCount "60"]
[EventDate "2018.11.06"]
[EventType "swiss"]
[EventRounds "9"]
[EventCountry "COL"]
[SourceTitle "CBM 187 Extra"]
[Source "ChessBase"]
[SourceDate "2018.11.04"]
[SourceVersion "1"]
[SourceVersionDate "2018.11.04"]
[SourceQuality "1"]

1. e4 g6 2. d4 Bg7 3. Nf3 d6 4. Bc4 Nf6 5. Nc3 c6 6. a4 0-0 7. Bg5 h6 8. Bh4 Nxe4 9. Bxf7+ Rxf7 10. Nxe4 Bg4 11. Qd3 Bxf3 12. gxf3 Qa5+ 13. Nd2 g5 14. Bg3 Nd7 15. 0-0 Raf8 16. c3 Nf6 17. Rae1 h5 18. b4 Qd8 19. h4 gxh4 20. Bxh4 Nd5 21. Qg6 Nf4 22. Qg3 Qd7 23. Kh2 d5 24. Bg5 Qd6 25. Re5 h4 26. Bxh4 Qh6 27. Rh1 Ng6 28. Kg1 Nxe5 29. Bg5 Qd6 30. dxe5 Bxe5 1-0

[Event "COL-ch"]
[Site "Bogota"]
[Date "2018.11.09"]
[Round "5"]
[White "Calero, Hector Andres"]
[Black "Pelaez, Hernan"]
[Result "1-0"]
[WhiteElo "1937"]
[BlackElo "1717"]
[PlyCount "65"]
[EventDate "2018.11.06"]
[EventType "swiss"]
[EventRounds "9"]
[EventCountry "COL"]
[SourceTitle "CBM 187 Extra"]
[Source "ChessBase"]
[SourceDate "2018.11.04"]
[SourceVersion "1"]
[SourceVersionDate "2018.11.04"]
[SourceQuality "1"]

1. e4 g6 2. d4 Bg7 3. Nc3 c6 4. Nf3 d6 5. Be3 Nf6 6. h3 0-0 7. Qd2 Nbd7 8. a4 b6 9. e5 Ne8 10. Bc4 dxe5 11. dxe5 Qc7 12. e6 fxe6 13. Bxe6+ Kh8 14. Ng5 Nd6 15. Bf4 Ne5 16. 0-0-0 h6 17. h4 Ndc4 18. Bxe5 Nxe5 19. h5 Rf6 20. Nce4 Bxe6 21. Nxf6 Bc4 22. Nfe4 hxg5 23. Qxg5 Kg8 24. h6 Bh8 25. f4 Bd5 26. fxe5 Bxe4 27. Rdf1 Bxe5 28. Rh4 Bf6 29. Rxf6 exf6 30. Qxf6 Rf8 31. h7+ Qxh7 32. Qxf8+ Kxf8 33. Rxh7 1-0

[Event "COL-ch"]
[Site "Bogota"]
[Date "2018.11.09"]
[Round "6"]
[White "Pelaez, Hernan"]
[Black "Neira, Oscar Roberto"]
[Result "0-1"]
[WhiteElo "1717"]
[BlackElo "1874"]
[PlyCount "133"]
[EventDate "2018.11.06"]
[EventType "swiss"]
[EventRounds "9"]
[EventCountry "COL"]
[SourceTitle "CBM 187 Extra"]
[Source "ChessBase"]
[SourceDate "2018.11.04"]
[SourceVersion "1"]
[SourceVersionDate "2018.11.04"]
[SourceQuality "1"]

1. b4 e5 2. Bb2 f6 3. a3 d5 4. Nf3 Be6 5. g3 Bd6 6. Bg2 Ne7 7. d3 Na6 8. Nbd2 c5 9. b5 Nc7 10. c4 0-0 11. 0-0 Qd7 12. a4 Bh3 13. cxd5 Bxg2 14. Kxg2 Nexd5 15. Ne4 Be7 16. Rc1 b6 17. Qb3 Qe6 18. Kh1 g6 19. Nfd2 f5 20. Nc3 Nxc3 21. Qxc3 Bf6 22. e4 f4 23. Kg2 Bg7 24. Nf3 Rae8 25. Qc4 Qf7 26. d4 exd4 27. Rfe1 Qxc4 28. Rxc4 Ne6 29. Rcc1 Bh6 30. Rcd1 Ng5 31. Nxg5 Bxg5 32. Rd3 Re5 33. h4 Bh6 34. g4 g5 35. Rh3 gxh4 36. Rxh4 f3+ 37. Kh1 Bd2 38. Rd1 Bb4 39. Kh2 Rxe4 40. Kg3 Re2 41. Bc1 Be1 42. Rh2 Bc3 43. Bh6 Rf7 44. Rd3 c4 45. Rxf3 Rxf3+ 46. Kxf3 Re6 47. Bf4 d3 48. Rh6 Rxh6 49. Bxh6 Bd4 50. Be3 Bxe3 51. Kxe3 Kf7 52. f4 Ke6 53. Kd2 Kd5 54. f5 Ke5 55. Ke3 Kf6 56. Kf3 c3 57. Ke3 d2 58. Ke2 Kg5 59. Kd1 h5 60. gxh5 Kxf5 61. h6 Kg6 62. Ke2 Kxh6 63. Kd1 Kg5 64. Ke2 Kf4 65. Kd1 Ke3 66. Kc2 Kd4 67. Kd1 0-1

[Event "COL-ch"]
[Site "Bogota"]
[Date "2018.11.07"]
[Round "2"]
[White "Pelaez, Hernan"]
[Black "Ruiz Orozco, Neider Santiago"]
[Result "1-0"]
[WhiteElo "1717"]
[BlackElo "1250"]
[PlyCount "85"]
[EventDate "2018.11.06"]
[EventType "swiss"]
[EventRounds "9"]
[EventCountry "COL"]
[SourceTitle "CBM 187 Extra"]
[Source "ChessBase"]
[SourceDate "2018.11.04"]
[SourceVersion "1"]
[SourceVersionDate "2018.11.04"]
[SourceQuality "1"]

1. b4 Nf6 2. Bb2 e6 3. a3 d5 4. d3 Be7 5. Nd2 b5 6. e4 0-0 7. Nh3 Nc6 8. Be2 d4 9. 0-0 h6 10. f4 Re8 11. Nf2 a5 12. bxa5 Nxa5 13. Ng4 Nxg4 14. Bxg4 c5 15. Nf3 Nc6 16. Qe1 Bf8 17. Qg3 Ne7 18. Bh5 g6 19. Ne5 Bg7 20. Bf3 f6 21. Nxg6 Nxg6 22. Qxg6 Bd7 23. e5 Rc8 24. Rae1 f5 25. Bh5 Re7 26. Qg3 Be8 27. Bf3 Kh7 28. Qh3 Bg6 29. g4 Qf8 30. g5 Rcc7 31. Re2 Kg8 32. Rg2 hxg5 33. Rxg5 Bh7 34. Kh1 Qe8 35. Rfg1 Ra7 36. Qg2 Kf8 37. Rh5 Bg8 38. Rh8 Rf7 39. Bh5 Bxh8 40. Qxg8+ Ke7 41. Bxf7 Qxg8 42. Bxg8 Kf8 43. Bxe6 1-0